The great hunt (Record no. 48958)
[ view plain ]
| 000 -LEADER | |
|---|---|
| fixed length control field | 02135cim a22005414a 4500 |
| 003 - CONTROL NUMBER IDENTIFIER | |
| control field | OCoLC |
| 005 - DATE AND TIME OF LATEST TRANSACTION | |
| control field | 20241220120954.0 |
| 007 - PHYSICAL DESCRIPTION FIXED FIELD--GENERAL INFORMATION | |
| fixed length control field | sd fsnennmmned |
| 008 - FIXED-LENGTH DATA ELEMENTS--GENERAL INFORMATION | |
| fixed length control field | 050906r19971991nyunnn f eng |
| 001 - CONTROL NUMBER | |
| control field | ocm55104029 |
| 010 ## - LIBRARY OF CONGRESS CONTROL NUMBER | |
| LC control number | 2005582980 |
| 020 ## - INTERNATIONAL STANDARD BOOK NUMBER | |
| International Standard Book Number | 1593974337 |
| 020 ## - INTERNATIONAL STANDARD BOOK NUMBER | |
| International Standard Book Number | 9781593974336 |
| 028 02 - PUBLISHER NUMBER | |
| Publisher number | ART 433 |
| Source | Audio Renaissance |
| 035 ## - SYSTEM CONTROL NUMBER | |
| System control number | (Sirsi) i9781593974336 |
| 035 ## - SYSTEM CONTROL NUMBER | |
| System control number | (OCoLC)55104029 |
| 040 ## - CATALOGING SOURCE | |
| Original cataloging agency | DLC |
| Transcribing agency | DLC |
| Modifying agency | UUC |
| -- | BAKER |
| -- | OCLCQ |
| -- | VP@ |
| -- | BTCTA |
| -- | UINTA |
| 042 ## - AUTHENTICATION CODE | |
| Authentication code | pcc |
| 049 ## - LOCAL HOLDINGS (OCLC) | |
| Holding library | UCLB |
| 050 00 - LIBRARY OF CONGRESS CALL NUMBER | |
| Classification number | RZA 8464 |
| 082 04 - DEWEY DECIMAL CLASSIFICATION NUMBER | |
| Classification number | 813/.54 |
| Edition number | 22 |
| 092 ## - LOCALLY ASSIGNED DEWEY CALL NUMBER (OCLC) | |
| Classification number | JORDAN |
| 100 1# - MAIN ENTRY--PERSONAL NAME | |
| Personal name | Jordan, Robert, |
| Dates associated with a name | 1948-2007. |
| 9 (RLIN) | 43436 |
| 245 14 - TITLE STATEMENT | |
| Title | The great hunt |
| Medium | [sound recording] / |
| Statement of responsibility, etc | Robert Jordan. |
| 260 ## - PUBLICATION, DISTRIBUTION, ETC. (IMPRINT) | |
| Place of publication, distribution, etc | New York : |
| Name of publisher, distributor, etc | Audio Renaissance, |
| Date of publication, distribution, etc | p1997, [1991] |
| 300 ## - PHYSICAL DESCRIPTION | |
| Extent | 22 sound discs (27 hr.) : |
| Other physical details | digital ; |
| Dimensions | 4 3/4 in. |
| 306 ## - PLAYING TIME | |
| Playing time | 270000 |
| 490 1# - SERIES STATEMENT | |
| Series statement | Wheel of time ; |
| Volume number/sequential designation | bk. 2 |
| 490 0# - SERIES STATEMENT | |
| Series statement | Tor fantasy |
| 511 0# - PARTICIPANT OR PERFORMER NOTE | |
| Participant or performer note | Read by Kate Reading and Michael Kramer. |
| 500 ## - GENERAL NOTE | |
| General note | Unabridged. |
| 500 ## - GENERAL NOTE | |
| General note | Sequel to: The eye of the world; sequel: The dragon reborn. |
| 520 ## - SUMMARY, ETC. | |
| Summary, etc | The monumental task of retrieving the lost Horn of Valere-- the legendary horn that will raise the dead heroes of the Ages-- rests on the shoulders of Rand al'Thor. Rand begins the long journey of discovery-- a journey that starts with The Great Hunt. |
| 538 ## - SYSTEM DETAILS NOTE | |
| System details note | Compact discs. |
| 650 #0 - SUBJECT ADDED ENTRY--TOPICAL TERM | |
| Topical term or geographic name as entry element | Rand al'Thor (Fictitious character) |
| Form subdivision | Fiction. |
| 9 (RLIN) | 5688666 |
| 655 #0 - INDEX TERM--GENRE/FORM | |
| Genre/form data or focus term | Fantasy fiction. |
| 9 (RLIN) | 6175738 |
| 655 #0 - INDEX TERM--GENRE/FORM | |
| Genre/form data or focus term | Audiobooks. |
| 9 (RLIN) | 6175739 |
| 700 1# - ADDED ENTRY--PERSONAL NAME | |
| Personal name | Reading, Kate. |
| Relator code | nrt |
| 9 (RLIN) | 62326 |
| 700 1# - ADDED ENTRY--PERSONAL NAME | |
| Personal name | Kramer, Michael. |
| Relator code | nrt |
| 9 (RLIN) | 20352 |
| 800 1# - SERIES ADDED ENTRY--PERSONAL NAME | |
| Personal name | Jordan, Robert, |
| Dates associated with a name | 1948-2007. |
| Title of a work | Wheel of time ; |
| Volume/sequential designation | bk. 2. |
| 9 (RLIN) | 6175740 |
| 856 42 - ELECTRONIC LOCATION AND ACCESS | |
| Materials specified | Contributor biographical information |
| Uniform Resource Identifier | <a href="http://www.loc.gov/catdir/enhancements/fy0628/2005582980-b.html">http://www.loc.gov/catdir/enhancements/fy0628/2005582980-b.html</a> |
| 856 42 - ELECTRONIC LOCATION AND ACCESS | |
| Materials specified | Publisher description |
| Uniform Resource Identifier | <a href="http://www.loc.gov/catdir/enhancements/fy0628/2005582980-d.html">http://www.loc.gov/catdir/enhancements/fy0628/2005582980-d.html</a> |
| 938 ## - | |
| -- | Baker & Taylor |
| -- | BKTY |
| -- | 59.95 |
| -- | 44.96 |
| -- | 1593974337 |
| -- | 0004420206 |
| -- | active |
| 938 ## - | |
| -- | Baker and Taylor |
| -- | BTCP |
| -- | bl2004003671 |
| 942 ## - ADDED ENTRY ELEMENTS (KOHA) | |
| Koha item type | Audiobook on CD |
| 994 ## - | |
| -- | C0 |
| -- | UINTA |
| 998 ## - LOCAL CONTROL INFORMATION (RLIN) | |
| -- | a105278 |
| Withdrawn status | Lost status | Source of classification or shelving scheme | Materials specified (bound volume or other part) | Damaged status | Not for loan | Collection code | Home library | Current library | Shelving location | Date acquired | Source of acquisition | Cost, normal purchase price | Total Checkouts | Total Renewals | Full call number | Barcode | Date last seen | Date checked out | Cost, replacement price | Price effective from | Koha item type | Public note |
|---|---|---|---|---|---|---|---|---|---|---|---|---|---|---|---|---|---|---|---|---|---|---|
| Dewey Decimal Classification | .CIRCNOTE. 22 discs | Audiobooks | Wasatch County Library | Wasatch County Library | Second Floor | 06/13/2012 | 79.99 | 33 | 1 | CD Jor | 34301001633330 | 03/07/2024 | 10/17/2023 | 79.99 | 03/20/2020 | Audiobook on CD | .PUBLIC. 22 discs |
